Meeting the communist threat : Truman to Reagan /

Bibliographic Details
Main Author: Paterson, Thomas G., 1941-
Format: Book
Language:English
Published: New York : Oxford University Press, 1988.
Subjects:

MARC

Tag First Indicator Second Indicator Subfields
LEADER 00000cam a2200000 a 4500
001 in00000016438
005 20151007052755.0
008 870720s1988 nyu b 00110 eng
010 |a  87020433  
020 |a 0195045335 (alk. paper) 
035 |a (OCoLC)16352944 
035 |9 AAA9128AM 
040 |a DLC  |c DLC  |d TXA  |d UtOrBLW 
043 |a n-us--- 
049 |a TXAM  |c [A11464793] 
050 0 0 |a E744  |b .P3118 1988 
100 1 |a Paterson, Thomas G.,  |d 1941- 
245 1 0 |a Meeting the communist threat :  |b Truman to Reagan /  |c Thomas G. Paterson. 
264 1 |a New York :  |b Oxford University Press,  |c 1988. 
300 |a xiv, 317 pages ;  |c 22 cm. 
336 |a text  |b txt  |2 rdacontent 
337 |a unmediated  |b n  |2 rdamedia 
338 |a volume  |b nc  |2 rdacarrier 
500 |a Includes index. 
504 |a Bibliography: pages 273-301. 
536 |a From the Library Of Betty Miller Unterberger, Patricia and Bookman Peters, Professor of History, December 2005. 
651 0 |a United States  |x Foreign relations  |y 1945-1953. 
650 0 |a Anti-communist movements  |z United States  |x History. 
650 0 |a World politics  |y 1945-1989. 
651 0 |a United States  |x Foreign relations  |y 1945-1989. 
999 |a MARS 
999 f f |s ce0382f9-fc00-3872-845c-130719a840cb  |i f46cc104-f212-3b2f-8202-f89f40a281b8  |t 0 
952 f f |p ric  |a Texas A&M University  |b Rellis Campus  |c Joint Library Facility  |d Remote Storage  |t 0  |e E744 .P3118 1988  |h Library of Congress classification  |i unmediated -- volume  |m A14833584006 
998 f f |a E744 .P3118 1988  |t 0  |l Remote Storage